00481 2200193 4500245004200000020001800042250001100060100001700071700002000088700002200108650001700130005001900147260004200166041001400208084001300222300003200235336000900267338001100276 aLove Lies Vol. 12cAoki, KotomihText a9786022668435 aCet. 1 aAoki, Kotomi aIne Martiana K. aMartina Rosmawati aKomik Jepang a20230131112205 aJakartabGramedia Pustaka Utamac2014 aIndonesia a741.5592 a... jil. :bilus. ;c17 cm. atext avolume